Vintage Football 50's>80's | East Europe, USSR & Yougoslavia - Statistics

General Stats
  • This quiz has been taken 48 times
  • The average score is 30 of 72
Answer Stats
Current UEFA federations Answers % Correct
Serbia Red Star Belgrade
86%
Russia CSKA Moscow
79%
Ukraine Dynamo Kiev
79%
Russia Spartak Moscow
79%
Croatia Dinamo Zagreb
76%
Serbia Partizan Belgrade
74%
Russia Lokomotiv Moscow
71%
Czech Republic Sparta Prague
71%
Bosnia & Herzegovina FK Sarajevo
69%
Russia Zenit Leningrad
69%
Russia Dynamo Moscow
64%
Croatia Hajduk Split
64%
Czech Republic Slavia Prague
64%
Russia Torpedo Moscow
64%
Belarus Dinamo Minsk
62%
CSKA Sofia
60%
Georgia Dinamo Tbilisi
60%
Steaua Bucharest
60%
Ferencváros
57%
Dinamo Bucharest
55%
Legia Warsaw
55%
Slovakia Slovan Bratislava
55%
North Macedonia Vardar Skopje
52%
Dynamo Dresden
50%
Ukraine Shakhtar Donetsk
50%
Levski Sofia
48%
Serbia Vojvodina Novi Sad
48%
Widzew Łódź
48%
Lech Poznań
45%
Botev Plovdiv
43%
Ukraine Dnipro Dnipropetrovsk
43%
Wisła Kraków
43%
Armenia Ararat Yerevan
40%
Czech Republic Dukla Prague
40%
Hansa Rostock
40%
FC Magdeburg
38%
Górnik Zabrze
38%
MTK Budapest
38%
Újpest Dósza
38%
Czech Republic Baník Ostrava
36%
Carl Zeiss Jena
36%
Dynamo Berlin
36%
Russia SKA Rostov
36%
Universitatea Craiova
36%
Lithuania Žalgiris Vilnius
36%
Czech Republic Zbrojovka Brno
36%
Honvéd
33%
Lokomotive Leipzig
33%
Ruch Chorzów
33%
Śląsk Wrocław
33%
Slovakia Spartak Trnava
33%
Slovakia FK Inter Bratislava
26%
Azerbaijan Neftchi Baku
26%
Polonia Bytom
26%
Rába ETO Győr
26%
Rapid Bucharest
26%
Bosnia & Herzegovina Velež Mostar
26%
Czech Republic Bohemians Prague
24%
Serbia OFK Belgrade
24%
FC Karl-Marx-Stadt
21%
Videoton
21%
Bosnia & Herzegovina Željezničar
21%
Vasas
17%
FC Arjes Pitesti
14%
Slavia Sofia
14%
Ukraine Chornomorets Odesa
12%
Lokomotiv Sofia
12%
Petrolul Ploiești
12%
Stal Mielec
12%
Tatabánya
10%
UT Arad
10%
Ukraine Zarya Vorochilovgrad
10%
No matching quizzes found
Score Distribution
Percent of People with Each Score
Percentile by Number Answered
Your Score History
You have not taken this quiz